[Event "Portugal Open Semirrapidas"]
[Site "Lisboa POR"]
[Date "2020.02.02"]
[Round "7.19"]
[White "BABA, Masahiro"]
[Black "FERNANDES, Joao Pedro"]
[Result "1-0"]
[BlackElo "2021"]
[WhiteElo "2274"]
[LiveChessVersion "1.4.8"]

1. e4 {[%clk 0:15:08]} c5 {[%clk 0:15:07]} 2. Nf3 {[%clk 0:15:11]} Nc6
{[%clk 0:15:09]} 3. Bb5 {[%clk 0:15:14]} e6 {[%clk 0:15:12]} 4. O-O
{[%clk 0:14:34]} Nf6 {[%clk 0:14:38]} 5. Re1 {[%clk 0:14:11]} Be7
{[%clk 0:14:20]} 6. d4 {[%clk 0:14:10]} cxd4 {[%clk 0:14:18]} 7. Nxd4
{[%clk 0:14:12]} O-O {[%clk 0:13:08]} 8. Nc3 {[%clk 0:14:01]} a6 {[%clk 0:12:42]}
9. Nxc6 {[%clk 0:13:26]} dxc6 {[%clk 0:12:13]} 10. Bd3 {[%clk 0:13:28]} e5
{[%clk 0:12:03]} 11. Qf3 {[%clk 0:13:08]} Kh8 {[%clk 0:11:28]} 12. h3
{[%clk 0:11:22]} Be6 {[%clk 0:11:20]} 13. Ne2 {[%clk 0:11:08]} c5
{[%clk 0:10:30]} 14. Ng3 {[%clk 0:10:50]} c4 {[%clk 0:09:49]} 15. Bf1
{[%clk 0:10:46]} Qc7 {[%clk 0:09:32]} 16. Nf5 {[%clk 0:10:28]} Bxf5
{[%clk 0:09:17]} 17. Qxf5 {[%clk 0:10:30]} Rad8 {[%clk 0:08:38]} 18. Be3
{[%clk 0:09:32]} Rfe8 {[%clk 0:07:53]} 19. b3 {[%clk 0:08:49]} Bb4
{[%clk 0:06:56]} 20. Red1 {[%clk 0:08:41]} Bc3 {[%clk 0:06:06]} 21. Rab1
{[%clk 0:08:43]} cxb3 {[%clk 0:05:39]} 22. cxb3 {[%clk 0:08:27]} Bd4
{[%clk 0:04:50]} 23. Rbc1 {[%clk 0:07:52]} Qb6 {[%clk 0:04:02]} 24. Bxd4
{[%clk 0:06:03]} Rxd4 {[%clk 0:02:51]} 25. Rxd4 {[%clk 0:06:06]} Qxd4
{[%clk 0:01:55]} 26. Rc7 {[%clk 0:05:56]} Qxe4 {[%clk 0:00:52]} 27. Qxe4
{[%clk 0:05:52]} Nxe4 {[%clk 0:00:55]} 28. Rxb7 {[%clk 0:05:35]} f5
{[%clk 0:00:35]} 29. Bxa6 {[%clk 0:05:30]} h5 {[%clk 0:00:13]} 30. Rc7
{[%clk 0:05:08]} Ra8 {[%clk 0:00:10]} 31. Rc8+ {[%clk 0:04:25]} Rxc8
{[%clk 0:00:12]} 32. Bxc8 {[%clk 0:04:29]} f4 {[%clk 0:00:08]} 33. a4
{[%clk 0:03:35]} Nc3 {[%clk 0:00:07]} 34. a5 {[%clk 0:03:01]} Nb5
{[%clk 0:00:10]} 35. Bd7 {[%clk 0:02:56]} Nc7 {[%clk 0:00:13]} 36. b4
{[%clk 0:02:50]} e4 {[%clk 0:00:12]} 37. b5 {[%clk 0:02:47]} e3 {[%clk 0:00:15]}
38. fxe3 {[%clk 0:02:50]} fxe3 {[%clk 0:00:18]} 39. b6 {[%clk 0:02:46]} Na6
{[%clk 0:00:14]} 40. Bb5 {[%clk 0:02:39]} Nc5 {[%clk 0:00:15]} 41. a6
{[%clk 0:02:31]} 1-0

[Event "Portugal Open Semirrapidas"]
[Site "Lisboa POR"]
[Date "2020.02.02"]
[Round "7.20"]
[White "OLIVEIRA, Marco"]
[Black "ULYANOVSKYY, Viktor"]
[Result "1-0"]
[BlackElo "2236"]
[WhiteElo "1993"]
[LiveChessVersion "1.4.8"]

1. Nf3 {[%clk 0:15:09]} d6 {[%clk 0:14:59]} 2. d4 {[%clk 0:15:09]} Bg4
{[%clk 0:14:43]} 3. Nfd2 {[%clk 0:14:41]} e5 {[%clk 0:14:10]} 4. d5
{[%clk 0:13:33]} c6 {[%clk 0:13:47]} 5. c4 {[%clk 0:13:33]} Nf6 {[%clk 0:13:50]}
6. Nc3 {[%clk 0:13:30]} Nbd7 {[%clk 0:13:15]} 7. h3 {[%clk 0:13:22]} Bh5
{[%clk 0:13:14]} 8. g4 {[%clk 0:13:17]} Bg6 {[%clk 0:13:18]} 9. Bg2
{[%clk 0:13:14]} cxd5 {[%clk 0:12:28]} 10. Nxd5 {[%clk 0:13:03]} Nxd5
{[%clk 0:12:31]} 11. Bxd5 {[%clk 0:13:01]} Qc7 {[%clk 0:12:27]} 12. Qb3
{[%clk 0:11:13]} Nb6 {[%clk 0:12:26]} 13. Qb5+ {[%clk 0:10:42]} Kd8
{[%clk 0:12:29]} 14. h4 {[%clk 0:09:55]} h5 {[%clk 0:12:28]} 15. g5
{[%clk 0:09:37]} Be7 {[%clk 0:11:32]} 16. Nf3 {[%clk 0:09:18]} a6
{[%clk 0:11:02]} 17. Qb4 {[%clk 0:09:08]} Rc8 {[%clk 0:09:22]} 18. Be3
{[%clk 0:07:05]} Nxd5 {[%clk 0:09:26]} 19. cxd5 {[%clk 0:07:07]} b5
{[%clk 0:09:29]} 20. O-O {[%clk 0:06:38]} Kd7 {[%clk 0:09:19]} 21. a4
{[%clk 0:06:26]} Qb7 {[%clk 0:09:17]} 22. axb5 {[%clk 0:05:41]} Qxb5
{[%clk 0:09:21]} 23. Qa3 {[%clk 0:05:24]} Ra8 {[%clk 0:08:45]} 24. Rfc1
{[%clk 0:05:04]} Rhb8 {[%clk 0:07:38]} 25. Rc6 {[%clk 0:04:25]} Qxd5
{[%clk 0:07:00]} 26. Rxa6 {[%clk 0:04:19]} Rxa6 {[%clk 0:07:04]} 27. Qxa6
{[%clk 0:04:23]} Rxb2 {[%clk 0:06:45]} 28. Qa4+ {[%clk 0:04:17]} Qb5
{[%clk 0:05:22]} 29. Qa7+ {[%clk 0:04:12]} Ke6 {[%clk 0:05:19]} 30. Qa8
{[%clk 0:03:52]} Rb1+ {[%clk 0:05:12]} 31. Rxb1 {[%clk 0:03:50]} Qxb1+
{[%clk 0:05:15]} 32. Kg2 {[%clk 0:03:53]} Qc2 {[%clk 0:05:05]} 33. Qa6
{[%clk 0:03:19]} Be4 {[%clk 0:04:47]} 34. Kg3 {[%clk 0:03:11]} Qc6
{[%clk 0:04:48]} 35. Qa2+ {[%clk 0:03:08]} Bd5 {[%clk 0:04:46]} 36. Qb1
{[%clk 0:03:09]} g6 {[%clk 0:04:44]} 37. Ne1 {[%clk 0:02:59]} Qc4
{[%clk 0:04:35]} 38. Nf3 {[%clk 0:02:19]} Qxe2 {[%clk 0:04:32]} 39. Nh2
{[%clk 0:02:00]} Qc4 {[%clk 0:04:13]} 40. Qc1 {[%clk 0:01:22]} Qxc1
{[%clk 0:04:09]} 41. Bxc1 {[%clk 0:01:26]} Be4 {[%clk 0:04:02]} 42. Nf1
{[%clk 0:01:24]} d5 {[%clk 0:03:58]} 43. Ne3 {[%clk 0:01:18]} d4 {[%clk 0:03:47]}
44. Nc4 {[%clk 0:01:18]} Bd5 {[%clk 0:03:49]} 45. Nd2 {[%clk 0:01:19]} e4
{[%clk 0:03:51]} 46. Bb2 {[%clk 0:01:19]} Bd6+ {[%clk 0:03:40]} 47. Kh3
{[%clk 0:01:21]} Bf4 {[%clk 0:03:26]} 48. Nf1 {[%clk 0:01:20]} Bc4
{[%clk 0:03:09]} 49. Ng3 {[%clk 0:01:14]} Kd5 {[%clk 0:03:12]} 50. Kg2
{[%clk 0:00:59]} Be5 {[%clk 0:03:01]} 51. Bc1 {[%clk 0:00:53]} Bd3
{[%clk 0:02:53]} 52. Nf1 {[%clk 0:00:28]} Bxf1+ {[%clk 0:02:52]} 53. Kxf1
{[%clk 0:00:32]} Kc4 {[%clk 0:02:51]} 54. Ke2 {[%clk 0:00:32]} Kc3
{[%clk 0:02:16]} 55. Bd2+ {[%clk 0:00:31]} Kc2 {[%clk 0:02:19]} 56. Ba5
{[%clk 0:00:29]} Bf4 {[%clk 0:02:13]} 1-0

[Event "Portugal Open Semirrapidas"]
[Site "Lisboa POR"]
[Date "2020.02.02"]
[Round "7.21"]
[White "ROCHA, Sergio"]
[Black "FERNANDES, Ricardo Paulos"]
[Result "1/2-1/2"]
[BlackElo "2011"]
[WhiteElo "2226"]
[LiveChessVersion "1.4.8"]

1. d4 {[%clk 0:15:09]} Nf6 {[%clk 0:15:10]} 2. Nf3 {[%clk 0:15:13]} g6
{[%clk 0:15:14]} 3. Bg5 {[%clk 0:15:17]} Bg7 {[%clk 0:15:18]} 4. Nbd2
{[%clk 0:15:21]} d6 {[%clk 0:15:20]} 5. e4 {[%clk 0:15:22]} O-O {[%clk 0:15:14]}
6. Bd3 {[%clk 0:15:24]} Nc6 {[%clk 0:15:04]} 7. c3 {[%clk 0:15:27]} e5
{[%clk 0:15:03]} 8. O-O {[%clk 0:15:24]} h6 {[%clk 0:15:06]} 9. Bh4
{[%clk 0:15:26]} Qe8 {[%clk 0:14:32]} 10. Re1 {[%clk 0:15:28]} Nh5
{[%clk 0:14:23]} 11. dxe5 {[%clk 0:15:23]} dxe5 {[%clk 0:14:24]} 12. Nc4
{[%clk 0:15:05]} Nf4 {[%clk 0:14:17]} 13. Bf1 {[%clk 0:15:06]} Be6
{[%clk 0:13:46]} 14. Ne3 {[%clk 0:15:07]} f6 {[%clk 0:12:33]} 15. Bg3
{[%clk 0:15:05]} Rd8 {[%clk 0:12:37]} 16. Qc2 {[%clk 0:15:09]} Nh5
{[%clk 0:12:15]} 17. Nd5 {[%clk 0:14:21]} Rxd5 {[%clk 0:11:47]} 18. exd5
{[%clk 0:14:24]} Bxd5 {[%clk 0:11:51]} 19. Nd4 {[%clk 0:14:13]} Qf7
{[%clk 0:11:21]} 20. Nxc6 {[%clk 0:14:04]} Bxc6 {[%clk 0:10:18]} 21. Rad1
{[%clk 0:14:07]} Re8 {[%clk 0:10:09]} 22. Qb3 {[%clk 0:13:59]} Qxb3
{[%clk 0:09:18]} 23. axb3 {[%clk 0:14:03]} f5 {[%clk 0:09:22]} 24. f3
{[%clk 0:14:03]} Kf8 {[%clk 0:08:54]} 25. b4 {[%clk 0:14:05]} a6 {[%clk 0:08:58]}
26. Bf2 {[%clk 0:14:07]} b6 {[%clk 0:08:56]} 27. Bxa6 {[%clk 0:13:55]} Nf4
{[%clk 0:08:37]} 28. Bc4 {[%clk 0:13:52]} e4 {[%clk 0:08:28]} 29. Be3
{[%clk 0:13:02]} Ne6 {[%clk 0:08:16]} 30. f4 {[%clk 0:12:41]} Ke7
{[%clk 0:07:50]} 31. g3 {[%clk 0:12:35]} Bf6 {[%clk 0:06:49]} 32. Ra1
{[%clk 0:12:39]} g5 {[%clk 0:06:27]} 33. Ra7 {[%clk 0:12:42]} gxf4
{[%clk 0:06:07]} 34. Bxe6 {[%clk 0:12:16]} fxe3 {[%clk 0:06:07]} 35. Bxf5
{[%clk 0:12:10]} Kd6 {[%clk 0:03:58]} 36. Raa1 {[%clk 0:11:38]} Ke5
{[%clk 0:04:00]} 37. Bg4 {[%clk 0:11:39]} Rg8 {[%clk 0:03:48]} 38. Be2
{[%clk 0:11:37]} Be7 {[%clk 0:03:30]} 39. b5 {[%clk 0:11:15]} Bd5
{[%clk 0:03:25]} 40. Rf1 {[%clk 0:11:04]} Rh8 {[%clk 0:02:45]} 41. Rad1
{[%clk 0:10:35]} Be6 {[%clk 0:02:32]} 42. Kg2 {[%clk 0:10:11]} h5
{[%clk 0:02:35]} 43. h3 {[%clk 0:10:10]} Rg8 {[%clk 0:02:16]} 44. Kh2
{[%clk 0:09:32]} h4 {[%clk 0:02:06]} 45. g4 {[%clk 0:09:34]} Bg5 {[%clk 0:02:10]}
46. Kg2 {[%clk 0:09:34]} Bf4 {[%clk 0:01:59]} 47. b3 {[%clk 0:08:42]} Ra8
{[%clk 0:01:59]} 48. Ra1 {[%clk 0:08:45]} Rd8 {[%clk 0:02:04]} 49. Rfd1
{[%clk 0:08:45]} Rd2 {[%clk 0:01:55]} 50. Rxd2 exd2 {[%clk 0:01:59]} 51. c4
{[%clk 0:08:38]} Kd4 {[%clk 0:02:03]} 52. Rf1 {[%clk 0:08:32]} Ke3
{[%clk 0:01:44]} 53. Bd1 {[%clk 0:08:35]} Bd7 {[%clk 0:00:39]} 54. Rf2
{[%clk 0:08:17]} c6 {[%clk 0:00:22]} 55. bxc6 {[%clk 0:07:51]} Bxc6
{[%clk 0:00:25]} 56. Re2+ {[%clk 0:07:46]} Kd3 {[%clk 0:00:27]} 57. Kf1
{[%clk 0:07:48]} e3 {[%clk 0:00:29]} 58. Kg1 {[%clk 0:07:31]} Bg3
{[%clk 0:00:10]} 59. Kf1 {[%clk 0:07:30]} Bf3 {[%clk 0:00:13]} 60. Rxd2+
{[%clk 0:07:04]} exd2 {[%clk 0:00:16]} 61. Bxf3 {[%clk 0:07:07]} Kc2
{[%clk 0:00:20]} 62. b4 {[%clk 0:07:06]} Bd6 {[%clk 0:00:08]} 63. c5
{[%clk 0:07:07]} bxc5 {[%clk 0:00:11]} 64. bxc5 {[%clk 0:06:56]} Bxc5
{[%clk 0:00:15]} 1/2-1/2

[Event "Portugal Open Semirrapidas"]
[Site "Lisboa POR"]
[Date "2020.02.02"]
[Round "7.22"]
[White "MALOBERTI, David"]
[Black "REGO, Pedro"]
[Result "0-1"]
[BlackElo "2195"]
[WhiteElo "1975"]
[LiveChessVersion "1.4.8"]

1. d4 {[%clk 0:15:09]} Nf6 {[%clk 0:15:09]} 2. c4 {[%clk 0:15:13]} c5
{[%clk 0:15:13]} 3. d5 {[%clk 0:15:10]} b5 {[%clk 0:15:17]} 4. cxb5
{[%clk 0:15:05]} a6 {[%clk 0:15:22]} 5. f3 {[%clk 0:15:09]} e6 {[%clk 0:15:15]}
6. e4 {[%clk 0:14:53]} Bb7 {[%clk 0:14:39]} 7. dxe6 {[%clk 0:14:15]} fxe6
{[%clk 0:14:41]} 8. Bg5 {[%clk 0:14:05]} Be7 {[%clk 0:14:43]} 9. Nh3
{[%clk 0:13:58]} O-O {[%clk 0:14:21]} 10. Nc3 {[%clk 0:14:00]} axb5
{[%clk 0:13:57]} 11. Bxb5 {[%clk 0:13:58]} Nc6 {[%clk 0:13:59]} 12. O-O
{[%clk 0:13:44]} Nd4 {[%clk 0:13:51]} 13. a4 {[%clk 0:13:08]} Nxb5
{[%clk 0:13:39]} 14. Nxb5 {[%clk 0:13:10]} d5 {[%clk 0:13:42]} 15. Nf4
{[%clk 0:12:34]} Qd7 {[%clk 0:13:30]} 16. e5 {[%clk 0:12:11]} Ne8
{[%clk 0:13:14]} 17. Bxe7 {[%clk 0:12:02]} Qxe7 {[%clk 0:13:16]} 18. Rc1
{[%clk 0:10:56]} Rxf4 {[%clk 0:13:14]} 0-1

[Event "Portugal Open Semirrapidas"]
[Site "Lisboa POR"]
[Date "2020.02.02"]
[Round "7.23"]
[White "FIDALGO, Andre Neves"]
[Black "MARTINS, Diogo"]
[Result "0-1"]
[BlackElo "1967"]
[WhiteElo "2190"]
[LiveChessVersion "1.4.8"]

1. d4 {[%clk 0:15:09]} Nf6 {[%clk 0:15:10]} 2. c4 {[%clk 0:15:12]} c5
{[%clk 0:15:14]} 3. d5 {[%clk 0:15:16]} e6 {[%clk 0:15:18]} 4. g3
{[%clk 0:15:20]} exd5 {[%clk 0:15:22]} 5. cxd5 {[%clk 0:15:24]} d6
{[%clk 0:15:26]} 6. Bg2 {[%clk 0:15:26]} g6 {[%clk 0:15:30]} 7. Nc3
{[%clk 0:15:30]} Bg7 {[%clk 0:15:34]} 8. Nf3 {[%clk 0:15:33]} O-O
{[%clk 0:15:35]} 9. O-O {[%clk 0:15:36]} Re8 {[%clk 0:15:37]} 10. Bf4
{[%clk 0:15:40]} Ne4 {[%clk 0:13:34]} 11. Nxe4 {[%clk 0:15:44]} Rxe4
{[%clk 0:13:38]} 12. Nd2 {[%clk 0:15:47]} Rb4 {[%clk 0:12:56]} 13. a3
{[%clk 0:14:56]} Rxf4 {[%clk 0:12:59]} 14. gxf4 {[%clk 0:14:59]} Bxb2
{[%clk 0:13:02]} 15. Ra2 {[%clk 0:14:38]} Bg7 {[%clk 0:12:48]} 16. e4
{[%clk 0:14:37]} b5 {[%clk 0:11:27]} 17. Re1 {[%clk 0:14:41]} Bb7
{[%clk 0:11:04]} 18. Qb3 {[%clk 0:14:30]} Qb6 {[%clk 0:10:44]} 19. e5
{[%clk 0:14:25]} c4 {[%clk 0:10:32]} 20. Qh3 {[%clk 0:13:46]} Na6
{[%clk 0:10:06]} 21. e6 {[%clk 0:12:33]} f5 {[%clk 0:09:55]} 22. Nf3
{[%clk 0:12:34]} Nc5 {[%clk 0:09:03]} 23. Ng5 {[%clk 0:11:37]} h5
{[%clk 0:09:01]} 24. Qg3 {[%clk 0:09:21]} Nd3 {[%clk 0:08:47]} 25. Rf1
{[%clk 0:08:54]} Qd4 {[%clk 0:08:34]} 26. Nf7 {[%clk 0:08:36]} Nxf4
{[%clk 0:08:20]} 27. Nxd6 {[%clk 0:08:21]} h4 {[%clk 0:03:56]} 28. Qe3
{[%clk 0:08:24]} Bxd5 {[%clk 0:02:52]} 29. Qxd4 {[%clk 0:08:20]} Bxd4
{[%clk 0:02:51]} 30. Bxd5 {[%clk 0:08:24]} Nxd5 {[%clk 0:02:47]} 31. Nxb5
{[%clk 0:08:28]} Bf6 {[%clk 0:02:03]} 32. Rd1 {[%clk 0:07:35]} Nf4
{[%clk 0:01:49]} 33. Rc2 {[%clk 0:07:39]} c3 {[%clk 0:01:37]} 34. Nc7
{[%clk 0:07:27]} Rc8 {[%clk 0:01:40]} 35. Rd7 {[%clk 0:07:30]} Rb8
{[%clk 0:01:02]} 36. f3 {[%clk 0:06:54]} Rb2 {[%clk 0:00:42]} 37. Rxb2
{[%clk 0:02:58]} cxb2 {[%clk 0:00:45]} 38. Rd1 {[%clk 0:03:02]} Ne2+
{[%clk 0:00:35]} 39. Kf1 {[%clk 0:03:07]} Nc1 {[%clk 0:00:39]} 40. Nd5
{[%clk 0:02:55]} Bg5 {[%clk 0:00:15]} 41. Nc3 {[%clk 0:02:56]} Kf8 42. Rd7
{[%clk 0:02:50]} Bd2 {[%clk 0:00:07]} 43. Nb1 {[%clk 0:02:54]} Bg5
{[%clk 0:00:10]} 44. Rxa7 {[%clk 0:02:58]} Nb3 {[%clk 0:00:13]} 45. Rb7
{[%clk 0:03:02]} Nc5 {[%clk 0:00:08]} 46. Rxb2 {[%clk 0:02:53]} Nxe6 47. a4
{[%clk 0:02:21]} Bf4 {[%clk 0:00:07]} 48. a5 {[%clk 0:02:12]} Nc5
{[%clk 0:00:11]} 49. Rb5 {[%clk 0:02:13]} Ne6 {[%clk 0:15:05]} 50. Nc3 0-1

[Event "Portugal Open Semirrapidas"]
[Site "Lisboa POR"]
[Date "2020.02.02"]
[Round "7.24"]
[White "PRATA, Jose"]
[Black "FERREIRA, Luis Pedro"]
[Result "0-1"]
[BlackElo "2170"]
[WhiteElo "1912"]
[LiveChessVersion "1.4.8"]

1. e4 {[%clk 0:15:10]} e6 {[%clk 0:15:06]} 2. d3 {[%clk 0:15:12]} d5
{[%clk 0:15:08]} 3. Nd2 {[%clk 0:15:15]} Nf6 {[%clk 0:15:07]} 4. Ngf3
{[%clk 0:15:16]} Nc6 {[%clk 0:15:08]} 5. c3 {[%clk 0:14:46]} e5 {[%clk 0:14:50]}
6. exd5 {[%clk 0:12:56]} Nxd5 {[%clk 0:14:53]} 7. Nc4 {[%clk 0:12:23]} Bd6
{[%clk 0:13:54]} 8. Be2 {[%clk 0:12:07]} O-O {[%clk 0:13:54]} 9. O-O
{[%clk 0:11:49]} Nb6 {[%clk 0:13:38]} 10. Nxd6 {[%clk 0:11:28]} Qxd6
{[%clk 0:13:29]} 11. Nd2 {[%clk 0:11:02]} Bf5 {[%clk 0:13:06]} 12. Nc4
{[%clk 0:10:44]} Nxc4 {[%clk 0:13:06]} 13. dxc4 {[%clk 0:10:48]} Qg6
{[%clk 0:12:51]} 14. Bh5 {[%clk 0:10:27]} Qf6 {[%clk 0:12:55]} 15. Bg4
{[%clk 0:10:13]} Rad8 {[%clk 0:12:55]} 16. Qf3 {[%clk 0:10:06]} Bxg4
{[%clk 0:11:37]} 17. Qxg4 {[%clk 0:10:08]} h6 {[%clk 0:11:39]} 18. Be3
{[%clk 0:10:01]} Kh8 {[%clk 0:10:48]} 19. Rad1 {[%clk 0:09:58]} a6
{[%clk 0:10:35]} 20. Rd7 {[%clk 0:09:48]} Rxd7 {[%clk 0:09:30]} 21. Qxd7
{[%clk 0:09:51]} Qd8 {[%clk 0:09:34]} 22. Rd1 {[%clk 0:07:14]} Qxd7
{[%clk 0:09:36]} 23. Rxd7 {[%clk 0:07:18]} Rd8 {[%clk 0:09:40]} 24. Rd5
{[%clk 0:07:12]} f5 {[%clk 0:09:07]} 25. f4 {[%clk 0:07:01]} e4 {[%clk 0:08:05]}
26. Rxf5 {[%clk 0:06:54]} Rd1+ {[%clk 0:08:09]} 27. Kf2 {[%clk 0:06:56]} Rb1
{[%clk 0:08:13]} 28. Bd4 {[%clk 0:05:55]} Rxb2+ {[%clk 0:08:16]} 29. Kg3
{[%clk 0:05:58]} Rxa2 {[%clk 0:08:04]} 30. Rf8+ {[%clk 0:05:30]} Kh7
{[%clk 0:08:07]} 31. Re8 {[%clk 0:05:33]} Ra4 {[%clk 0:07:42]} 32. Rc8
{[%clk 0:05:17]} Nxd4 {[%clk 0:07:41]} 33. cxd4 {[%clk 0:05:20]} Rxc4
{[%clk 0:07:44]} 34. d5 {[%clk 0:05:18]} Rc5 {[%clk 0:07:48]} 35. f5
{[%clk 0:05:07]} e3 {[%clk 0:07:16]} 36. Kf4 {[%clk 0:04:26]} Rxd5
{[%clk 0:06:51]} 37. f6 {[%clk 0:03:05]} gxf6 {[%clk 0:06:44]} 38. Rxc7+
{[%clk 0:03:06]} Kg6 {[%clk 0:06:48]} 39. Kxe3 {[%clk 0:01:40]} Rb5
{[%clk 0:06:52]} 40. h4 {[%clk 0:01:33]} h5 {[%clk 0:06:55]} 41. g3
{[%clk 0:01:26]} a5 {[%clk 0:06:58]} 42. Kf4 {[%clk 0:01:04]} Rb4+
{[%clk 0:06:56]} 43. Kf3 {[%clk 0:01:04]} b5 {[%clk 0:06:58]} 44. Rc8
{[%clk 0:01:01]} a4 {[%clk 0:06:57]} 45. Rg8+ {[%clk 0:01:02]} Kf7
{[%clk 0:06:52]} 46. Rh8 {[%clk 0:01:01]} a3 {[%clk 0:06:56]} 47. Rxh5
{[%clk 0:01:01]} a2 {[%clk 0:06:59]} 48. Rh7+ {[%clk 0:01:05]} Kg6
{[%clk 0:07:03]} 49. Ra7 {[%clk 0:01:08]} Ra4 {[%clk 0:07:08]} 0-1

[Event "Portugal Open Semirrapidas"]
[Site "Lisboa POR"]
[Date "2020.02.02"]
[Round "7.25"]
[White "GUERRA, Vitor"]
[Black "VAN DEN BERG, Imme"]
[Result "0-1"]
[BlackElo "1936"]
[WhiteElo "2164"]
[LiveChessVersion "1.4.8"]

1. d4 {[%clk 0:15:07]} d5 {[%clk 0:15:09]} 2. Nf3 {[%clk 0:15:09]} Nf6
{[%clk 0:15:11]} 3. g3 {[%clk 0:15:13]} c6 {[%clk 0:15:09]} 4. Bg2
{[%clk 0:15:15]} Bf5 {[%clk 0:15:12]} 5. O-O {[%clk 0:15:14]} h6 {[%clk 0:15:12]}
6. c4 {[%clk 0:15:14]} e6 {[%clk 0:15:10]} 7. Nc3 {[%clk 0:15:16]} Nbd7
{[%clk 0:14:30]} 8. b3 {[%clk 0:15:13]} Be7 {[%clk 0:13:58]} 9. Bb2
{[%clk 0:15:16]} O-O {[%clk 0:13:59]} 10. Nd2 {[%clk 0:15:13]} Rc8
{[%clk 0:12:52]} 11. e4 {[%clk 0:15:00]} dxe4 {[%clk 0:12:55]} 12. Ndxe4
{[%clk 0:15:03]} Nxe4 {[%clk 0:12:48]} 13. Nxe4 {[%clk 0:15:06]} Nf6
{[%clk 0:12:31]} 14. Qe2 {[%clk 0:15:05]} Nxe4 {[%clk 0:12:13]} 15. Bxe4
{[%clk 0:15:08]} Bxe4 {[%clk 0:12:15]} 16. Qxe4 {[%clk 0:15:11]} Bf6
{[%clk 0:12:10]} 17. Rad1 {[%clk 0:15:08]} Qa5 {[%clk 0:11:47]} 18. Qc2
{[%clk 0:14:33]} Rfd8 {[%clk 0:11:22]} 19. Bc3 {[%clk 0:14:33]} Qa6
{[%clk 0:10:40]} 20. Rd2 {[%clk 0:14:00]} b5 {[%clk 0:09:26]} 21. Ba1
{[%clk 0:13:29]} bxc4 {[%clk 0:09:04]} 22. bxc4 {[%clk 0:13:31]} Rd7
{[%clk 0:08:10]} 23. Rfd1 {[%clk 0:13:24]} Rcd8 {[%clk 0:08:12]} 24. Kg2
{[%clk 0:12:02]} c5 {[%clk 0:07:43]} 25. h4 {[%clk 0:07:58]} Bxd4
{[%clk 0:06:53]} 26. Bxd4 {[%clk 0:07:57]} Rxd4 {[%clk 0:06:39]} 27. Rxd4
{[%clk 0:07:56]} Rxd4 {[%clk 0:06:41]} 28. Rxd4 {[%clk 0:07:55]} cxd4
{[%clk 0:06:44]} 29. c5 {[%clk 0:07:51]} Qc6+ {[%clk 0:06:24]} 30. Kf1
{[%clk 0:07:46]} d3 {[%clk 0:05:34]} 31. Qxd3 {[%clk 0:07:24]} Qxc5
{[%clk 0:05:36]} 32. a3 {[%clk 0:06:39]} g6 {[%clk 0:04:45]} 33. Kg1
{[%clk 0:06:26]} Kg7 {[%clk 0:04:48]} 34. Qa6 {[%clk 0:06:20]} Qd4
{[%clk 0:04:35]} 35. a4 {[%clk 0:06:19]} e5 {[%clk 0:04:36]} 36. a5
{[%clk 0:06:12]} e4 {[%clk 0:04:39]} 37. Qe2 {[%clk 0:06:09]} Qa1+
{[%clk 0:04:38]} 38. Kh2 {[%clk 0:06:01]} Qxa5 {[%clk 0:04:40]} 39. Qxe4
{[%clk 0:06:05]} Qc3 {[%clk 0:04:16]} 40. Kg2 {[%clk 0:05:24]} a5
{[%clk 0:04:17]} 41. h5 {[%clk 0:05:22]} gxh5 {[%clk 0:03:29]} 42. f4
{[%clk 0:04:20]} Qf6 {[%clk 0:03:09]} 43. Kf3 {[%clk 0:03:17]} Qe6
{[%clk 0:01:36]} 44. Qd4+ {[%clk 0:03:13]} Kh7 {[%clk 0:01:14]} 45. Qd3+
{[%clk 0:03:06]} Qg6 {[%clk 0:01:07]} 46. Qb5 {[%clk 0:02:51]} Qg4+
{[%clk 0:01:02]} 47. Kf2 {[%clk 0:02:41]} h4 {[%clk 0:01:02]} 48. Qb1+
{[%clk 0:00:34]} Qg6 {[%clk 0:00:39]} 49. f5 {[%clk 0:00:37]} Qxg3+
{[%clk 0:00:33]} 50. Kf1 {[%clk 0:00:40]} h5 {[%clk 0:00:11]} 51. Qe4
{[%clk 0:00:27]} h3 {[%clk 0:00:12]} 52. Qd5 {[%clk 0:00:11]} Qg2+
{[%clk 0:00:12]} 0-1

[Event "Portugal Open Semirrapidas"]
[Site "Lisboa POR"]
[Date "2020.02.02"]
[Round "7.26"]
[White "MORAIS, Vitor"]
[Black "BASHIRLI, Nail"]
[Result "0-1"]
[BlackElo "2153"]
[WhiteElo "1883"]
[LiveChessVersion "1.4.8"]

1. b3 {[%clk 0:15:09]} Nf6 {[%clk 0:15:06]} 2. Bb2 {[%clk 0:15:13]} g6
{[%clk 0:15:10]} 3. Bxf6 exf6 {[%clk 0:15:14]} 4. c4 {[%clk 0:15:20]} Bg7
{[%clk 0:15:18]} 5. Nc3 {[%clk 0:15:24]} O-O {[%clk 0:15:22]} 6. g3
{[%clk 0:15:27]} d6 {[%clk 0:15:24]} 7. Bg2 {[%clk 0:15:30]} Nc6 {[%clk 0:15:27]}
8. e3 {[%clk 0:15:34]} h5 {[%clk 0:15:31]} 9. h4 {[%clk 0:15:33]} Bg4
{[%clk 0:15:34]} 10. Nge2 {[%clk 0:15:30]} Ne5 {[%clk 0:15:37]} 11. O-O
{[%clk 0:15:13]} Nf3+ {[%clk 0:15:34]} 12. Kh1 {[%clk 0:15:17]} g5
{[%clk 0:15:38]} 13. hxg5 {[%clk 0:15:08]} fxg5 {[%clk 0:15:42]} 14. Qc2
{[%clk 0:15:02]} Qf6 {[%clk 0:15:41]} 15. d4 {[%clk 0:15:01]} h4 {[%clk 0:15:43]}
16. Qe4 {[%clk 0:15:00]} Bh5 {[%clk 0:15:21]} 17. g4 {[%clk 0:15:01]} Nd2
{[%clk 0:15:25]} 18. Nd5 {[%clk 0:14:17]} Nxe4 {[%clk 0:15:18]} 19. Nxf6+
{[%clk 0:14:20]} Nxf6 {[%clk 0:15:11]} 20. gxh5 {[%clk 0:14:23]} c6
{[%clk 0:15:14]} 21. f4 {[%clk 0:14:21]} g4 {[%clk 0:15:16]} 22. f5
{[%clk 0:14:17]} h3 {[%clk 0:15:19]} 23. Bxh3 {[%clk 0:14:08]} gxh3
{[%clk 0:15:22]} 24. Rg1 {[%clk 0:14:10]} Kh7 {[%clk 0:15:26]} 25. Nf4
{[%clk 0:14:11]} Bh6 {[%clk 0:15:29]} 26. Raf1 {[%clk 0:14:14]} Rae8
{[%clk 0:15:32]} 27. Rf3 {[%clk 0:14:11]} Bxf4 {[%clk 0:15:35]} 28. exf4
{[%clk 0:14:14]} Re2 {[%clk 0:15:36]} 29. Rxh3 {[%clk 0:14:17]} Rg8
{[%clk 0:15:38]} 30. Rg5 {[%clk 0:14:00]} Ne4 {[%clk 0:15:39]} 31. Rxg8
{[%clk 0:13:57]} Nf2+ {[%clk 0:15:39]} 32. Kh2 {[%clk 0:13:58]} Nxh3+
{[%clk 0:15:41]} 33. Kxh3 {[%clk 0:14:01]} Kxg8 {[%clk 0:15:44]} 0-1